| 000 | 00637 a2200181 4500 | ||
|---|---|---|---|
| 999 |
_c183209 _d183209 |
||
| 005 | 20220221122936.0 | ||
| 010 | _aENG-130435 | ||
| 020 |
_a97-93-91370-19-0 _c595.00 |
||
| 035 | _aEN-113967 | ||
| 037 | _bDBAD/PUB | ||
| 082 |
_a658.4 _b1 |
||
| 245 |
_aTalent Management: _bA Contemporary Perspective/ _cEdited by Mamta Mohapatra, Swati Dhir |
||
| 260 |
_aNew Delhi _bSage Publications India Pvt Ltd. _c2021 |
||
| 270 |
_aB-I/I-I, Mohan Cooperative Industrial Area, Mathura Road _bNew Delhi _e110044 |
||
| 300 |
_axxxi, 290p. _c22cm (pbk) _bIndex |
||
| 700 | _aEdited by Swati Dhir | ||
| 942 |
_adpl _cEN _2ddc _h658.4 _mTAL |
||